[Event "AUTO-OPEN-3709"]
[Site "http://www.queenalice.com/game.php?id=1472001"]
[Date "2017.4.5"]
[Round "2"]
[White "NatanEstivallet"]
[Black "LuisGabriel_HD"]
[Result "1-0"]
[WhiteElo "2593"]
[BlackElo "2010"]

1. e4 e5 2. Nf3 Nc6 3. Bb5 Bc5 4. c3 d6 5. O-O Nf6 6. d3 h6 7. h3 O-O 8. Re1 Bd7
9. Nbd2 a6 10. Ba4 b5 11. Bc2 Be6 12. Nf1 d5 13. d4 exd4 14. e5 Nd7 15. cxd4 Bb4
16. Qd3 f5 17. Bd2 Nb6 18. b3 Bxd2 19. Qxd2 a5 20. Bd3 b4 21. Rec1 Ne7 22. Ng3
Ng6 23. Rc5 Ra7 24. a3 bxa3 25. Rxa3 a4 26. bxa4 Rxa4 27. Rxa4 Nxa4 28. Rc6 Bd7
29. Rxg6 Nb6 30. Qxh6 Rf7 31. Nh5 Qf8 32. Ng5 Be8 33. Qh7# 1-0

[Event "AUTO-OPEN-3726"]
[Site "http://www.queenalice.com/game.php?id=1472986"]
[Date "2017.4.12"]
[Round "3"]
[White "szachograjek"]
[Black "NatanEstivallet"]
[Result "0-1"]
[WhiteElo "2192"]
[BlackElo "2593"]

1. e4 c5 2. f4 d5 3. e5 Bf5 4. Nf3 Nc6 5. d3 e6 6. c3 h5 7. Na3 Nh6 8. Be2 Bg4
9. O-O Nf5 10. Nc2 Be7 11. Ne3 Qb6 12. Rb1 c4 13. d4 Nxe3 14. Bxe3 Bf5 0-1

[Event "AUTO-OPEN-3726"]
[Site "http://www.queenalice.com/game.php?id=1472987"]
[Date "2017.4.12"]
[Round "3"]
[White "NatanEstivallet"]
[Black "szachograjek"]
[Result "1-0"]
[WhiteElo "2595"]
[BlackElo "2185"]

1. e4 e6 2. d4 d5 3. Nc3 Bb4 4. e5 c5 5. a3 Bxc3+ 6. bxc3 Qc7 7. Qg4 f5 8. Qg3
Nc6 9. Nf3 cxd4 10. cxd4 g6 11. Be2 Bd7 12. O-O Nge7 13. Bg5 h6 14. Qh4 1-0

[Event "AUTO-OPEN-3699"]
[Site "http://www.queenalice.com/game.php?id=1474912"]
[Date "2017.4.24"]
[Round "3"]
[White "NatanEstivallet"]
[Black "Baeta"]
[Result "1-0"]
[WhiteElo "2600"]
[BlackElo "1494"]

1. e4 e5 2. Nf3 Nc6 3. Bb5 Nd4 4. Nxd4 exd4 5. O-O a6 6. Bc4 Bc5 7. d3 Qf6 8. f4
b5 9. Bd5 c6 10. e5 Qe7 11. Bb3 d6 12. a4 dxe5 13. fxe5 Be6 14. Qf3 Bd5 15. Bxd5
cxd5 16. Qxd5 Rc8 17. axb5 axb5 18. Ra8 Rxa8 19. Qxa8+ Qd8 20. Qc6+ Qd7 21. Qxc5
Ne7 22. e6 Qxe6 23. Qxb5+ Nc6 24. Qc5 1-0

[Event "AUTO-OPEN-3699"]
[Site "http://www.queenalice.com/game.php?id=1474913"]
[Date "2017.4.24"]
[Round "3"]
[White "Baeta"]
[Black "NatanEstivallet"]
[Result "0-1"]
[WhiteElo "1492"]
[BlackElo "2601"]

1. e4 c5 2. Nc3 Nc6 3. Nf3 g6 4. Bb5 Bg7 5. h3 Nd4 6. Nxd4 cxd4 7. Nd5 e6 8. Nf4
Qg5 9. Bxd7+ Bxd7 10. g3 Rc8 11. d3 Qc5 12. O-O e5 13. Nd5 Bxh3 14. Re1 Qxc2 15.
Qxc2 Rxc2 16. Nb4 Rc8 0-1

[Event "AUTO-ELITE-1751"]
[Site "http://www.queenalice.com/game.php?id=1475539"]
[Date "2017.4.27"]
[Round "2"]
[White "NatanEstivallet"]
[Black "Sexxy_Bunny"]
[Result "1/2-1/2"]
[WhiteElo "2615"]
[BlackElo "2716"]

1. e4 c5 2. Nf3 d6 3. d4 cxd4 4. Qxd4 Nc6 5. Bb5 Bd7 6. Bxc6 Bxc6 7. Nc3 Nf6 8.
Bg5 e6 9. O-O-O Be7 10. Qd3 Qa5 11. h4 h6 12. Bf4 d5 13. Nd4 dxe4 14. Nxc6 bxc6
15. Nxe4 Qxa2 16. Nxf6+ Bxf6 17. Qd7+ Kf8 18. Qb7 Re8 19. c3 Qa1+ 20. Kd2 Qa4
21. Bd6+ Kg8 22. Qb4 Qb5 23. Qxb5 cxb5 24. Bb4 Be7 25. Bxe7 Rxe7 26. Kc2 Kh7 27.
Rd4 a5 28. Re1 Rb8 29. h5 b4 30. cxb4 Rc7+ 31. Kb3 Rc5 32. g4 Rcb5 33. Ka3 R8b6
34. Re2 axb4+ 35. Kb3 g6 36. hxg6+ Kxg6 37. Ree4 Kg5 38. Rd8 e5 39. Re8 Kh4 40.
f4 f6 41. Rd8 Kg3 42. fxe5 Rxe5 43. Rd3+ Kh4 44. Rc4 Re2 45. Rd8 Re3+ 46. Ka4 b3
47. Rh8 Re2 48. Rxh6+ Kg5 49. Rh5+ Kg6 50. Ka3 Ra6+ 51. Kxb3 Rb6+ 52. Kc3 Rbxb2
53. Rf4 Rf2 54. Rhf5 Rxf4 55. Rxf4 Rb5 56. Re4 Kg5 57. Kd3 Rb3+ 1/2-1/2

[Event "AUTO-ELITE-1751"]
[Site "http://www.queenalice.com/game.php?id=1475540"]
[Date "2017.4.27"]
[Round "2"]
[White "Sexxy_Bunny"]
[Black "NatanEstivallet"]
[Result "1/2-1/2"]
[WhiteElo "2709"]
[BlackElo "2603"]

1. e4 c5 2. Nf3 d6 3. d4 cxd4 4. Nxd4 Nf6 5. Nc3 a6 6. Bg5 Nbd7 7. Bc4 Qb6 8.
Bb3 e6 9. O-O Be7 10. Kh1 Nc5 11. Qe2 h6 12. Be3 Qc7 13. f4 O-O 14. Bf2 b5 15.
e5 dxe5 16. fxe5 Nh7 17. Ne4 Nxe4 18. Qxe4 Bb7 19. Qe2 Ng5 20. Bh4 Rfd8 21. c3
Bd5 22. Rad1 Rd7 23. Bg3 Bc5 24. Bxd5 Rxd5 25. Qg4 Qd7 26. Bf2 Rd8 27. h4 Nh7
28. Be3 Kh8 29. Rd3 Qe8 30. Bxh6 gxh6 31. Rg3 Qg8 32. Qh3 Qe8 33. Qg4 Qg8 34.
Qh3 Qe8 35. Qg4 1/2-1/2

[Event "AUTO-OPEN-3665"]
[Site "http://www.queenalice.com/game.php?id=1481205"]
[Date "2017.6.5"]
[Round "3"]
[White "NatanEstivallet"]
[Black "Suso71"]
[Result "0-1"]
[WhiteElo "2616"]
[BlackElo "2854"]

1. e4 c5 2. Nf3 d6 3. d4 cxd4 4. Nxd4 Nf6 5. Nc3 a6 6. Bg5 Nbd7 7. f4 Qb6 8. Qd3
Qxb2 9. Rb1 Qa3 10. Nb3 e6 11. Be2 h6 12. Bh4 Be7 13. O-O O-O 14. Bf3 e5 15. Bg4
Nc5 16. Nxc5 Qxc5+ 17. Bf2 Qc7 18. Bb6 Qc6 19. Nd5 Bd8 20. Nxf6+ Bxf6 21. f5 Bd8
22. Qe3 Bd7 23. Be2 Qxc2 24. Bxd8 Rfxd8 25. Rfc1 Qa4 26. Bd1 Qa5 27. Rxb7 Rab8
28. Rxb8 Rxb8 29. Bb3 Rc8 30. Rxc8+ Bxc8 31. h3 Qb4 32. Qa7 Qd4+ 33. Qxd4 exd4
34. Kf2 a5 35. Kf3 Kf8 36. Kf4 Bb7 37. g3 f6 38. h4 Ke7 39. a3 Bc6 40. Kf3 Kd8
41. Bc2 Kc7 42. Ke2 Kb6 43. Kd3 Kc5 0-1

[Event "AUTO-OPEN-3665"]
[Site "http://www.queenalice.com/game.php?id=1481206"]
[Date "2017.6.5"]
[Round "3"]
[White "Suso71"]
[Black "NatanEstivallet"]
[Result "1/2-1/2"]
[WhiteElo "2851"]
[BlackElo "2615"]

1. e4 e5 2. Nf3 Nc6 3. Bb5 Nf6 4. O-O Nxe4 5. d4 Nd6 6. Bxc6 dxc6 7. dxe5 Nf5 8.
Qxd8+ Kxd8 9. Nc3 Ke8 10. h3 Be7 11. Bf4 Be6 12. g4 Nh4 13. Nxh4 Bxh4 14. Kg2
Rd8 15. Rad1 h5 16. f3 Ke7 17. b3 b6 18. Bg3 hxg4 19. hxg4 Bxg3 20. Kxg3 Bd5 21.
Rd3 Be6 22. Rdd1 Bd5 23. Rf2 Rh7 24. Ne2 c5 25. f4 g6 26. c4 Bb7 27. Rxd8 Kxd8
28. Rf1 Bc6 29. Rd1+ Ke7 30. Nc3 Rh8 31. Nd5+ Bxd5 32. cxd5 Rd8 33. Kg2 g5 34.
fxg5 Rg8 35. Kf3 Rxg5 36. Kf4 Rg8 37. Kf5 Rh8 38. g5 Rh2 39. d6+ cxd6 40. exd6+
Kd7 41. Rf1 Rg2 42. Kf6 Kxd6 43. Rf5 Rxa2 44. Kxf7 Rb2 45. Rf6+ Kd7 46. Rf3 Kc6
47. g6 Rg2 48. g7 Kd5 49. Rd3+ Ke4 50. Rd2 Rxg7+ 51. Kxg7 b5 52. Kf6 a5 53. Ra2
a4 54. bxa4 bxa4 55. Rxa4+ Kd3 56. Rg4 c4 57. Ke5 c3 58. Rg3+ Kd2 59. Kd4 c2 60.
Rg2+ Kd1 61. Kd3 c1=N+ 62. Kd4 Ne2+ 63. Ke3 1/2-1/2

[Event "AUTO-ELITE-1680"]
[Site "http://www.queenalice.com/game.php?id=1481569"]
[Date "2017.6.8"]
[Round "3"]
[White "NatanEstivallet"]
[Black "FabioDavid"]
[Result "1-0"]
[WhiteElo "2594"]
[BlackElo "2510"]

1. e4 e5 2. Nf3 Nc6 3. Bb5 a6 4. Ba4 Nf6 5. O-O d6 6. Re1 Bd7 7. c3 g6 8. d4 Bg7
9. d5 Ne7 10. Bxd7+ Qxd7 11. c4 O-O 12. Nc3 h6 13. a4 c6 14. a5 cxd5 15. cxd5
Rfc8 16. Na4 1-0

[Event "AUTO-ELITE-1680"]
[Site "http://www.queenalice.com/game.php?id=1481570"]
[Date "2017.6.8"]
[Round "3"]
[White "FabioDavid"]
[Black "NatanEstivallet"]
[Result "1/2-1/2"]
[WhiteElo "2529"]
[BlackElo "2614"]

1. b3 e5 2. Bb2 Nc6 3. e3 Nf6 4. Bb5 Bd6 5. Na3 Na5 6. Be2 a6 7. Nf3 Qe7 8. Nc4
Nxc4 9. bxc4 O-O 10. O-O e4 11. Nh4 Be5 12. Nf5 Qe8 13. Bxe5 Qxe5 14. Ng3 d6 15.
f3 Bd7 16. Nxe4 Nxe4 17. fxe4 Qxe4 18. Bf3 Qxc4 19. Bxb7 Rab8 20. Rf4 Qb5 21.
Rb1 Qa5 22. c3 Qxa2 23. Ra1 Qe6 24. Bxa6 g6 25. Bc4 d5 26. Bd3 Ra8 27. Rxa8 Rxa8
28. c4 Qe5 29. Qb3 Ra1+ 30. Rf1 Rxf1+ 31. Kxf1 Qxh2 32. cxd5 h5 33. Qb8+ Kg7 34.
Qb2+ Kg8 35. Qb8+ Kg7 36. Qb2+ Kg8 37. Qb8+ 1/2-1/2

[Event "AUTO-OPEN-3651"]
[Site "http://www.queenalice.com/game.php?id=1482899"]
[Date "2017.6.19"]
[Round "3"]
[White "jacconsultoria"]
[Black "NatanEstivallet"]
[Result "1/2-1/2"]
[WhiteElo "2635"]
[BlackElo "2614"]

1. c4 e5 2. Nc3 Nf6 3. g3 d5 4. cxd5 Nxd5 5. Bg2 Nb6 6. Nf3 Nc6 7. O-O Be7 8. d3
O-O 9. Be3 Be6 10. d4 exd4 11. Nxd4 Nxd4 12. Bxd4 c6 13. b3 Re8 14. Qd2 Rc8 15.
Rfd1 Ba3 16. e4 Qe7 17. Be3 Bb4 18. Qc2 Bc5 19. Bxc5 Qxc5 20. Qb2 Rcd8 21. Rac1
Qb4 22. h3 a5 23. Ne2 Nc4 24. Qc3 Qxc3 25. Nxc3 Nb2 26. Rxd8 Rxd8 27. Rc2 Nd3
28. Rd2 Rd7 29. Kf1 f6 30. Ke2 Nc5 31. Rxd7 Bxd7 32. Ke3 Kf7 33. f4 Ke7 34. Bf1
Kd6 35. g4 h6 36. Be2 1/2-1/2

[Event "AUTO-OPEN-3651"]
[Site "http://www.queenalice.com/game.php?id=1482900"]
[Date "2017.6.19"]
[Round "3"]
[White "NatanEstivallet"]
[Black "jacconsultoria"]
[Result "1-0"]
[WhiteElo "2605"]
[BlackElo "2636"]

1. e4 e6 2. d4 d5 3. e5 c5 4. c3 Nc6 5. Nf3 Qb6 6. Be2 cxd4 7. cxd4 Nge7 8. Na3
Nf5 9. Nc2 Bd7 10. h4 Nb4 11. Nxb4 Bxb4+ 12. Kf1 h5 13. a4 Rc8 14. g3 O-O 15.
Kg2 Rc4 16. Bd3 Rfc8 17. Qe2 R4c7 18. Bf4 Ne7 19. Ng5 g6 20. Be3 Nf5 21. g4 hxg4
22. h5 Bf8 23. Qxg4 Nxe3+ 24. fxe3 Qxb2+ 25. Kf3 Rc2 26. Qh4 Bg7 27. hxg6 fxg6
28. Qh7+ Kf8 29. Raf1 Rg2 30. Qxg6 1-0

[Event "AUTO-OPEN-3709"]
[Site "http://www.queenalice.com/game.php?id=1489144"]
[Date "2017.8.7"]
[Round "3"]
[White "NatanEstivallet"]
[Black "Bruscato"]
[Result "1-0"]
[WhiteElo "2614"]
[BlackElo "2102"]

1. e4 c5 2. Nf3 d6 3. d4 cxd4 4. Nxd4 Nf6 5. Nc3 g6 6. Be3 Bg7 7. f3 O-O 8. Qd2
d5 9. e5 Nfd7 10. f4 Nb6 11. Be2 Nc6 12. O-O-O Nxd4 13. Bxd4 Nc4 14. Bxc4 dxc4
15. Rhe1 Qa5 16. h3 b5 17. Nd5 Qxa2 18. Nxe7+ Kh8 19. Qb4 a5 20. Qa3 Qxa3 21.
bxa3 Bb7 22. g4 Bg2 23. Re3 b4 24. Bc5 Rfb8 25. a4 b3 26. cxb3 Rxb3 27. Rxb3
cxb3 28. Rd3 Rb8 29. Kb2 Bh6 30. Bd6 Re8 31. Rd2 Be4 32. Kxb3 Bf8 33. Nd5 Bxd6
34. exd6 Rd8 35. Nf6 Bc6 36. d7 h6 37. Rd6 Bg2 38. h4 Kg7 39. g5 hxg5 40. hxg5
Bh3 41. Kc4 1-0

[Event "AUTO-OPEN-3709"]
[Site "http://www.queenalice.com/game.php?id=1489145"]
[Date "2017.8.7"]
[Round "3"]
[White "Bruscato"]
[Black "NatanEstivallet"]
[Result "0-1"]
[WhiteElo "1939"]
[BlackElo "2613"]

1. e4 c5 2. Nf3 d6 3. d4 cxd4 4. Nxd4 Nf6 5. Nc3 a6 6. Bg5 e6 7. f4 Be7 8. Qf3
Qc7 9. O-O-O Nbd7 10. g4 b5 11. Bd3 Bb7 12. Bxf6 Nxf6 13. g5 Nd7 14. h4 b4 15.
Nce2 O-O-O 16. Kb1 Kb8 17. Rh3 Nc5 18. f5 d5 19. exd5 Bxd5 20. Qg4 e5 21. Nb3
Bxb3 22. Qxb4+ Ka7 23. Bxa6 Rxd1+ 0-1

[Event "AUTO-OPEN-3709"]
[Site "http://www.queenalice.com/game.php?id=1489146"]
[Date "2017.8.7"]
[Round "3"]
[White "NatanEstivallet"]
[Black "Jackzapo"]
[Result "1-0"]
[WhiteElo "2614"]
[BlackElo "1774"]

1. e4 c5 2. Nf3 d6 3. d4 cxd4 4. Nxd4 Nc6 5. c4 a6 6. Nc3 e6 7. Be3 Qc7 8. f4
Nf6 9. Be2 Be7 10. O-O Nxd4 11. Qxd4 O-O 12. Rad1 Rd8 13. g4 b6 14. g5 Nd7 15.
f5 exf5 16. exf5 Nc5 17. Nd5 Qa7 18. f6 Bf8 19. fxg7 Bxg7 20. Nf6+ Kh8 21. Qh4
Bxf6 22. Rxf6 Rg8 23. Bd4 Rg7 24. Rxd6 Ne6 25. Rd8+ 1-0

[Event "AUTO-OPEN-3709"]
[Site "http://www.queenalice.com/game.php?id=1489147"]
[Date "2017.8.7"]
[Round "3"]
[White "Jackzapo"]
[Black "NatanEstivallet"]
[Result "0-1"]
[WhiteElo "1841"]
[BlackElo "2615"]

1. d4 Nf6 2. c4 g6 3. Nf3 Bg7 4. Nc3 d5 5. cxd5 Nxd5 6. e4 Nxc3 7. bxc3 O-O 8.
Bd3 c5 9. O-O cxd4 10. cxd4 Nc6 11. Be3 Nxd4 12. Bxd4 Bxd4 13. Rc1 Bg4 14. Be2
Bb6 15. h3 Bxf3 16. Bxf3 Rc8 17. Qe2 Rxc1 18. Rxc1 e5 19. Qc4 Qd2 20. Rf1 Rd8
21. a4 Kg7 22. Qb3 Qf4 23. a5 Bxa5 24. Qxb7 Bb6 25. Qa6 Rd2 26. Qa1 Bd4 27. Qe1
Ra2 28. Qb1 Rb2 29. Qe1 a5 30. Qd1 Rd2 31. Qe1 a4 32. Kh1 a3 0-1

[Event "AUTO-OPEN-3709"]
[Site "http://www.queenalice.com/game.php?id=1489148"]
[Date "2017.8.7"]
[Round "3"]
[White "NatanEstivallet"]
[Black "pedroingles"]
[Result "1-0"]
[WhiteElo "2614"]
[BlackElo "1788"]

1. e4 e5 2. Nf3 Nf6 3. Nxe5 d6 4. Nf3 Bg4 5. Nc3 Nc6 6. d4 Bxf3 7. gxf3 Be7 8.
Be3 O-O 9. Rg1 Kh8 10. f4 a6 11. Qf3 Nb4 12. O-O-O Qd7 13. Bh3 Qe8 14. a3 Nc6
15. e5 Nd7 16. Qg4 g6 17. Qxd7 Qxd7 18. Bxd7 Bh4 19. d5 Na5 20. Ne4 Nc4 21. Bd4
Kg8 22. e6 fxe6 23. Bxe6+ 1-0

[Event "AUTO-OPEN-3709"]
[Site "http://www.queenalice.com/game.php?id=1489149"]
[Date "2017.8.7"]
[Round "3"]
[White "pedroingles"]
[Black "NatanEstivallet"]
[Result "0-1"]
[WhiteElo "1786"]
[BlackElo "2617"]

1. d4 Nf6 2. c4 g6 3. Nf3 Bg7 4. Nc3 d5 5. e3 O-O 6. Be2 c5 7. O-O cxd4 8. exd4
Nc6 9. Be3 dxc4 10. Bxc4 Ng4 11. Rb1 Bf5 12. Rc1 Rc8 13. Bb3 Nxe3 14. fxe3 Na5
15. Nh4 Bd7 16. Ba4 Nc4 17. Bxd7 Nxe3 18. Qe2 Qxd7 19. Rfd1 Nxd1 20. Qxd1 Qxd4+
21. Qxd4 Bxd4+ 22. Kf1 Rc4 23. Nf3 e5 24. Nxd4 exd4 25. Ne2 Rxc1+ 26. Nxc1 Re8
27. Nb3 d3 28. h3 Re2 29. g4 b6 30. h4 Rxb2 0-1